[Event "Greifswald op 3rd"]
[Site "Greifswald"]
[Date "2005.07.09"]
[Round "6"]
[White "Kieseling, Rene"]
[Black "Lueder, Robert"]
[Result "0-1"]
[WhiteElo "1289"]
[BlackElo "1614"]
[PlyCount "68"]
[EventDate "2005.07.07"]
[EventType "swiss"]
[EventRounds "7"]
[EventCountry "GER"]
[SourceTitle "EXT 2007"]
[Source "ChessBase"]
[SourceDate "2006.11.23"]
[SourceVersion "1"]
[SourceVersionDate "2006.11.23"]
[SourceQuality "1"]

1. d4 d5 2. Nc3 e6 3. Nf3 Bb4 4. Bd2 Nf6 5. a3 Bxc3 6. Bxc3 0-0 7. g3 b6 8. Bg2 c5 9. 0-0 Nc6 10. Re1 Ne4 11. Qd3 c4 12. Qe3 a5 13. Ne5 Nxe5 14. dxe5 Nxc3 15. Qxc3 b5 16. Rad1 Qb6 17. b4 axb4 18. axb4 Rd8 19. Rd4 Qc7 20. Rg4 Ra4 21. Rd1 Qa7 22. Qb2 Bb7 23. c3 Ra2 24. Qc1 g6 25. Rgd4 Rxe2 26. Qg5 Ra8 27. Qe7 Rxe5 28. Qd7 Ba6 29. Qxa7 Rxa7 30. Ra1 Ra8 31. Ra5 Re1+ 32. Bf1 Rc1 33. Kg2 Rxc3 34. Rf4 Rb3 0-1

[Event "Greifswald op 3rd"]
[Site "Greifswald"]
[Date "2005.07.08"]
[Round "3"]
[White "Kieseling, Rene"]
[Black "Scheiwe, Clemens"]
[Result "1-0"]
[WhiteElo "1289"]
[BlackElo "845"]
[PlyCount "107"]
[EventDate "2005.07.07"]
[EventType "swiss"]
[EventRounds "7"]
[EventCountry "GER"]
[SourceTitle "EXT 2007"]
[Source "ChessBase"]
[SourceDate "2006.11.23"]
[SourceVersion "1"]
[SourceVersionDate "2006.11.23"]
[SourceQuality "1"]

1. d4 d5 2. Nc3 Nc6 3. Nf3 Nf6 4. g3 Nb4 5. a3 Nc6 6. Bf4 e6 7. Nb5 Bd6 8. Ne5 0-0 9. Nxc6 bxc6 10. Bxd6 cxd6 11. Nc3 e5 12. e3 Re8 13. Bg2 Ba6 14. Qd2 Qb6 15. 0-0-0 Rab8 16. Na4 Qb5 17. b3 Nd7 18. Bf1 Qb7 19. Nb2 Nb6 20. Bxa6 Qxa6 21. a4 c5 22. dxc5 dxc5 23. Qc3 c4 24. b4 Nxa4 25. Qa3 c3 26. Nd3 Qc6 27. f4 exf4 28. exf4 Qb5 29. Rhf1 a5 30. Rde1 Red8 31. Kd1 axb4 32. Qb3 Ra8 33. Qxb4 Nb2+ 34. Ke2 Re8+ 35. Kf3 Qc6 36. Ne5 Qe6 37. Qxc3 Na4 38. Qd4 Nb6 39. Rb1 Nc4 40. Rfe1 Na3 41. Rb2 Nc4 42. Rb4 Nxe5+ 43. Rxe5 Qc6 44. Rg5 g6 45. c3 Ra3 46. Kg4 Qc8+ 47. Kh4 Ra2 48. h3 Rh2 49. g4 Re4 50. Qxd5 Re3 51. Re5 Rexh3+ 52. Kg5 Rg3 53. Kf6 Qf8 54. Rb8 1-0